| 000 | 00487nam a2200169Ia 4500 | ||
|---|---|---|---|
| 008 | 210423s1993 xx 000 0 und d | ||
| 020 | _a812047318 | ||
| 041 | _aeng | ||
| 082 | _a581 ABRY | ||
| 100 | _aABROL (Yash Pal). | ||
| 245 | _aPhotosynthesis photoreactions to plant productivity. | ||
| 260 |
_aNew Delhi _bOxford University Press _c1993 |
||
| 300 |
_avi,607 _bPB |
||
| 365 |
_b750 _cINR |
||
| 650 | _aBotany | ||
| 906 | _aphotoreactions ; Photosynthesis ; plant ; productivity | ||
| 999 |
_c162767 _d162767 |
||